[Event "FIDE WRBTC Blitz-Pool 2024"]
[Site "Astana"]
[Date "2024.08.05"]
[Round "7.4"]
[White "Wong, Zhenyong Jayden"]
[Black "Abdusattorov, Nodirbek"]
[Result "0-1"]
[WhiteElo "2397"]
[BlackElo "2762"]
[Annotator "RC"]
[PlyCount "100"]
[EventDate "2024.08.01"]
[EventType "team-tourn"]
[EventCountry "KAZ"]
[SourceTitle "playchess.com"]
[Source "ChessBase"]
[SourceQuality "1"]

1. d4 Nf6 2. c4 g6 3. g3 Bg7 4. Bg2 O-O 5. Nc3 d6 6. Nf3 c6 7. O-O Bf5 8. Ng5 e5 9. d5 c5 10. e4 Bg4 11. Nf3 Na6 12. h3 Bd7 13. a3 Qe8 14. Rb1 b5 15. cxb5 Bxb5 16. Re1 Nc7 17. b4 cxb4 18. axb4 Bd7 19. Be3 Nb5 20. Nxb5 Bxb5 21. Nd2 Nd7 22. Nb3 f5 23. exf5 gxf5 24. Na5 Qf7 25. f4 a6 26. Rc1 Qg6 27. Kh2 Rae8 28. Rc7 Nf6 29. fxe5 Nh5 30. Qf3 Bxe5 31. Bf2 f4 32. g4 Ng3 33. Nc6 Be2 34. Nxe5 Rxe5 35. Qc3 Ne4 36. Qd4 Nxf2 37. Qxf2 f3 38. Bf1 Qe4 39. Kg1 Qxd5 40. Rd7 Bxf1 41. Rxf1 Re2 42. Qh4 f2+ 43. Kh2 Qe5+ 44. Qg3 Re1 45. Qxe5 dxe5 46. Kg2 Re2 47. Re7 e4 48. Re6 e3 49. Kg3 Re1 50. Kg2 Rc8 0-1

[Event "FIDE WRBTC Blitz-Pool 2024"]
[Site "Astana"]
[Date "2024.08.05"]
[Round "7.4"]
[White "Balabayeva, Xeniya"]
[Black "Maghsoodloo, Parham"]
[Result "0-1"]
[WhiteElo "2335"]
[BlackElo "2723"]
[Annotator "ChessBase"]
[PlyCount "49"]
[EventDate "2024.08.01"]
[EventType "team-tourn"]
[EventCountry "KAZ"]
[SourceTitle "playchess.com"]
[Source "ChessBase"]
[SourceQuality "1"]

1. d4 Nf6 2. Bf4 d5 3. e3 a6 4. c3 Bf5 5. Nf3 e6 6. Bd3 Bg6 7. Ne5 Bd6 8. h4 Bxd3 9. Qxd3 Nbd7 10. Nd2 Qe7 11. Nxd7 Nxd7 12. Bxd6 Qxd6 13. Nf3 c5 14. e4 h6 15. e5 Qb6 16. O-O Rc8 17. dxc5 Rxc5 18. Qe2 Nb8 19. Rfd1 Nc6 20. Qe3 Rb5 21. Qxb6 Rxb6 22. b4 a5 23. a3 Ke7 24. Rab1 Rc8 25. Rd3 0-1

[Event "FIDE WRBTC Blitz-Pool 2024"]
[Site "Astana"]
[Date "2024.08.05"]
[Round "7.4"]
[White "Magzumov, Damirali"]
[Black "Erdogmus, Yagiz Kaan"]
[Result "0-1"]
[WhiteElo "1756"]
[BlackElo "2599"]
[Annotator "ChessBase"]
[PlyCount "42"]
[EventDate "2024.08.01"]
[EventType "team-tourn"]
[EventCountry "KAZ"]
[SourceTitle "playchess.com"]
[Source "ChessBase"]
[SourceQuality "1"]

1. e4 g6 2. d4 Bg7 3. Nf3 d6 4. Be3 c5 5. c3 cxd4 6. cxd4 Nf6 7. Nc3 O-O 8. Bc4 Nc6 9. h3 Nxe4 10. Bxf7+ Rxf7 11. Nxe4 Qa5+ 12. Nc3 h6 13. O-O Bd7 14. Qb3 Raf8 15. Kh2 Kh7 16. Rac1 Rxf3 17. gxf3 Qh5 18. Ne4 Bxh3 19. Ng3 Qh4 20. Kg1 Rxf3 21. d5 Rxg3+ 0-1

[Event "FIDE WRBTC Blitz-Pool 2024"]
[Site "Astana"]
[Date "2024.08.05"]
[Round "7.5"]
[White "Hou, Yifan"]
[Black "Gong, Qianyun"]
[Result "1-0"]
[WhiteElo "2633"]
[BlackElo "2250"]
[Annotator "ChessBase"]
[PlyCount "77"]
[EventDate "2024.08.01"]
[EventType "team-tourn"]
[EventCountry "KAZ"]
[SourceTitle "playchess.com"]
[Source "ChessBase"]
[SourceQuality "1"]

1. d4 d5 2. Nc3 Nf6 3. Bf4 a6 4. e3 Bf5 5. Bd3 Bg6 6. h4 e6 7. h5 Bxd3 8. cxd3 h6 9. Nf3 Bd6 10. Ne5 Nbd7 11. Qf3 Bb4 12. Qg3 Rg8 13. Rc1 Bd6 14. Qf3 Qe7 15. a3 c5 16. Nxd7 Nxd7 17. Bxd6 Qxd6 18. Ne2 Qb6 19. O-O g6 20. dxc5 Nxc5 21. Qf6 Nd7 22. Qf4 gxh5 23. b4 Rg6 24. Ng3 Kf8 25. Nxh5 Kg8 26. Rc2 e5 27. Qf5 Nf8 28. Qxe5 Rd8 29. Nf4 Rg5 30. Qc7 Qf6 31. Qxb7 Qg7 32. Qc7 Re8 33. Qc6 Re6 34. Qc8 Rf6 35. Qh3 d4 36. Rc5 dxe3 37. fxe3 Rff5 38. Rxf5 Rxf5 39. Qxf5 1-0

[Event "FIDE WRBTC Blitz-Pool 2024"]
[Site "Astana"]
[Date "2024.08.05"]
[Round "7.5"]
[White "Muzychuk, Anna"]
[Black "Amangeldinov, Alkey"]
[Result "1-0"]
[WhiteElo "2525"]
[BlackElo "1721"]
[Annotator "ChessBase"]
[PlyCount "131"]
[EventDate "2024.08.01"]
[EventType "team-tourn"]
[EventCountry "KAZ"]
[SourceTitle "playchess.com"]
[Source "ChessBase"]
[SourceQuality "1"]

1. e4 c6 2. d4 d5 3. exd5 cxd5 4. c4 Nf6 5. Nc3 e6 6. Nf3 Bb4 7. cxd5 Nxd5 8. Bd2 Nc6 9. Bd3 O-O 10. O-O Be7 11. Be4 Bf6 12. Be3 Nce7 13. Rc1 Bd7 14. Qd3 g6 15. Bxd5 Nxd5 16. Nxd5 exd5 17. Ne5 Be6 18. Rfe1 Qb6 19. b3 Rac8 20. h3 Bg7 21. Qd2 Rfe8 22. h4 h5 23. Rxc8 Rxc8 24. Rc1 Rxc1+ 25. Qxc1 Qa6 26. Qc2 Bxe5 27. dxe5 Bf5 28. Qd2 Qc6 29. Bxa7 b6 30. Qe3 b5 31. Bc5 Qa6 32. Qd2 Qc6 33. Qb4 Qe6 34. Bd4 Qc6 35. Bc5 Qe6 36. Bd6 Bd3 37. Qc3 Be4 38. f3 Bf5 39. a4 bxa4 40. bxa4 Qd7 41. Qd4 Qc6 42. a5 Qb5 43. Qb6 Qxb6+ 44. axb6 Bc8 45. Be7 Bb7 46. Kf2 f6 47. exf6 Kf7 48. Ke3 Ke6 49. Kd4 Ba8 50. Kc5 Bb7 51. g4 Ba8 52. Kd4 Bb7 53. g5 Ba8 54. Bd8 Bb7 55. Bc7 Bc6 56. Kc5 Bb7 57. Bg3 Ba8 58. Bf2 Bb7 59. Bd4 Ba8 60. Kb4 Bb7 61. Kb5 Kf7 62. f4 Ke6 63. f5+ gxf5 64. g6 f4 65. f7 Ke7 66. Bc5+ 1-0

[Event "FIDE WRBTC Blitz-Pool 2024"]
[Site "Astana"]
[Date "2024.08.05"]
[Round "7.5"]
[White "Zhu, Jiner"]
[Black "Nurgaliyev, Sauat"]
[Result "1-0"]
[WhiteElo "2479"]
[BlackElo "2380"]
[Annotator "ChessBase"]
[PlyCount "99"]
[EventDate "2024.08.01"]
[EventType "team-tourn"]
[EventCountry "KAZ"]
[SourceTitle "playchess.com"]
[Source "ChessBase"]
[SourceQuality "1"]

1. e4 c5 2. Nf3 d6 3. d4 cxd4 4. Nxd4 Nf6 5. Nc3 a6 6. Be3 e5 7. Nf3 Be7 8. Bc4 O-O 9. Bb3 Be6 10. O-O b5 11. Nd5 Nbd7 12. Nxf6+ Nxf6 13. Qd3 Qc7 14. Bg5 Rac8 15. Bxf6 Bxf6 16. c3 Rfd8 17. Rfd1 Bc4 18. Qe3 d5 19. exd5 Qe7 20. Bxc4 Rxc4 21. h3 e4 22. Nd2 Bg5 23. Qe2 Bxd2 24. Rxd2 Rd6 25. Rad1 Qe5 26. Qe3 f5 27. f4 Qe7 28. Rd4 Qa7 29. Kh1 Rxd5 30. Qg1 Rcxd4 31. cxd4 Qc7 32. Rc1 Qxf4 33. Rc8+ Kf7 34. Qd1 e3 35. Qh5+ Kf6 36. Rf8+ Ke6 37. Qe8+ Kd6 38. Qb8+ Ke7 39. Re8+ Kf7 40. Qxf4 Kxe8 41. Qxe3+ Kd7 42. Kg1 h6 43. Kf2 g5 44. Kf3 Kd6 45. g3 b4 46. Qd3 a5 47. Qa6+ Ke7 48. Qxh6 Rxd4 49. Qg7+ Ke6 50. Qxd4 1-0

[Event "FIDE WRBTC Blitz-Pool 2024"]
[Site "Astana"]
[Date "2024.08.05"]
[Round "7.6"]
[White "Fedorov, Grigory"]
[Black "Al Maamari, Wafia Darwish"]
[Result "1/2-1/2"]
[WhiteElo "1904"]
[BlackElo "1925"]
[Annotator "ChessBase"]
[PlyCount "72"]
[EventDate "2024.08.01"]
[EventType "team-tourn"]
[EventCountry "KAZ"]
[SourceTitle "playchess.com"]
[Source "ChessBase"]
[SourceQuality "1"]

1. e4 c5 2. Nc3 Nc6 3. Bb5 Nd4 4. Nf3 a6 5. Bd3 g6 6. Nxd4 cxd4 7. Ne2 Bg7 8. c3 dxc3 9. dxc3 d6 10. O-O Nf6 11. Kh1 O-O 12. f4 b5 13. a4 Bb7 14. axb5 axb5 15. Rxa8 Qxa8 16. Nd4 Nxe4 17. Nxb5 Nc5 18. Rf2 Nxd3 19. Qxd3 Qa6 20. c4 Rc8 21. h3 d5 22. b3 dxc4 23. bxc4 Qe6 24. Ba3 Bf6 25. Re2 Qxc4 26. Qxc4 Rxc4 27. Bxe7 Bxe7 28. Rxe7 Rc1+ 29. Kh2 Bd5 30. Nc7 Bc6 31. Re2 Kg7 32. Ne8+ Bxe8 33. Rxe8 Rc4 34. Kg3 Rc3+ 35. Kf2 Ra3 36. Re4 Rb3 1/2-1/2

[Event "FIDE WRBTC Blitz-Pool 2024"]
[Site "Astana"]
[Date "2024.08.05"]
[Round "7.6"]
[White "Zhang, Changjie"]
[Black "Rosenstein, Wadim"]
[Result "0-1"]
[WhiteElo "1809"]
[BlackElo "1887"]
[Annotator "NA"]
[PlyCount "74"]
[EventDate "2024.08.01"]
[EventType "team-tourn"]
[EventCountry "KAZ"]
[SourceTitle "playchess.com"]
[Source "ChessBase"]
[SourceQuality "1"]

1. e4 c5 2. Nc3 e6 3. d3 d5 4. f4 Nf6 5. Nf3 dxe4 6. Nxe4 Nxe4 7. dxe4 Qxd1+ 8. Kxd1 Nc6 9. Bb5 Bd7 10. c3 O-O-O 11. Be3 e5 12. Kc2 exf4 13. Bxf4 f6 14. Rad1 Be7 15. Rd2 a6 16. Bc4 g5 17. Bg3 h5 18. h3 g4 19. Nh4 Rh7 20. Rhd1 Na5 21. Bd5 gxh3 22. gxh3 Bxh3 23. b4 cxb4 24. cxb4 Nc6 25. Kb3 Bg4 26. Rc1 Bd7 27. Nf5 Bf8 28. Nd6+ Bxd6 29. Bxd6 h4 30. Bf4 Re7 31. Rdc2 Be6 32. Bxe6+ Rxe6 33. Be3 Rxe4 34. Bb6 Rxb4+ 35. Ka3 Rxb6 36. Rh2 Rd3+ 37. Ka4 Rb4# 0-1

[Event "FIDE WRBTC Blitz-Pool 2024"]
[Site "Astana"]
[Date "2024.08.05"]
[Round "7.6"]
[White "Kazhiakhmetova, Yerkenaz"]
[Black "Ainakul, Mukhtar"]
[Result "0-1"]
[WhiteElo "1602"]
[BlackElo "1935"]
[Annotator "ChessBase"]
[PlyCount "157"]
[EventDate "2024.08.01"]
[EventType "team-tourn"]
[EventCountry "KAZ"]
[SourceTitle "playchess.com"]
[Source "ChessBase"]
[SourceQuality "1"]

1. d4 Nf6 2. g3 c5 3. d5 e6 4. c4 exd5 5. cxd5 g6 6. Bg2 Bg7 7. Nc3 O-O 8. Nf3 d6 9. O-O Re8 10. a4 Na6 11. Nd2 Nb4 12. Nc4 Bf5 13. Bf4 Bf8 14. Rc1 a6 15. a5 h6 16. h4 Qc7 17. Re1 Ne4 18. Nb6 Rad8 19. Qb3 Qe7 20. Nxe4 Bxe4 21. f3 Bf5 22. e4 Bc8 23. Re2 Bg7 24. Rce1 Bd4+ 25. Kh2 g5 26. hxg5 hxg5 27. Be3 Be5 28. f4 gxf4 29. gxf4 Qh4+ 30. Kg1 Bxf4 31. Bf2 Qh2+ 32. Kf1 Re5 33. Qf3 Rg5 34. Rd1 Rxg2 35. Qxg2+ Qxg2+ 36. Kxg2 Bg4 37. Ree1 Bxd1 38. Rxd1 Be5 39. Rb1 Nd3 40. Bh4 Re8 41. Nc4 Kg7 42. Kf3 f6 43. Rg1+ Kf7 44. Rg2 Rh8 45. Nxe5+ Nxe5+ 46. Kg3 Rg8+ 47. Kh3 Rxg2 48. Kxg2 Nc4 49. Be1 Nxb2 50. Bc3 Nc4 51. Kf3 Ne5+ 52. Ke3 Ke7 53. Kf4 Nd3+ 54. Kf5 Ne5 55. Kf4 Nd7 56. Kf5 Kf7 57. Bb2 c4 58. Bc3 Ne5 59. Kf4 Kg6 60. Ke3 f5 61. exf5+ Kxf5 62. Kd4 Kf6 63. Ke4 Ke7 64. Kd4 Kd7 65. Ke4 Kc7 66. Bd4 Nd7 67. Ke3 b5 68. Bc3 Nc5 69. Kd4 Nd3 70. Bd2 Ne5 71. Bc3 Kd7 72. Ke3 Ke7 73. Kd4 Kf6 74. Bb4 Nf7 75. Bc3 Kf5 76. Bb4 Kf4 77. Ba3 Kf3 78. Bb4 Ke2 79. Ba3 0-1

[Event "FIDE WRBTC Blitz-Pool 2024"]
[Site "Astana"]
[Date "2024.08.05"]
[Round "7.7"]
[White "Nihal Sarin"]
[Black "Sychev, Klementy"]
[Result "1/2-1/2"]
[WhiteElo "2668"]
[BlackElo "2531"]
[Annotator "ChessBase"]
[PlyCount "82"]
[EventDate "2024.08.01"]
[EventType "team-tourn"]
[EventCountry "KAZ"]
[SourceTitle "playchess.com"]
[Source "ChessBase"]
[SourceQuality "1"]

1. e4 e5 2. Nf3 Nc6 3. Bc4 Nf6 4. d3 Bc5 5. O-O O-O 6. h3 d6 7. c3 a5 8. Re1 Be6 9. Bb5 Ba7 10. Nbd2 Ne7 11. d4 c6 12. Bd3 Ng6 13. Nf1 exd4 14. Nxd4 d5 15. e5 Ne4 16. Bxe4 dxe4 17. Nxe6 Qxd1 18. Rxd1 fxe6 19. Be3 Nxe5 20. Bxa7 Rxa7 21. Rd2 a4 22. Re1 Nc4 23. Rc2 Nd6 24. Nd2 Rf5 25. Nxe4 Re5 26. Rce2 Nxe4 27. Rxe4 Rxe4 28. Rxe4 Kf7 29. Kf1 Ra5 30. Rb4 b5 31. c4 Ke7 32. c5 Ra8 33. Rd4 Rf8 34. Rd6 Rf4 35. Rxc6 Rb4 36. b3 axb3 37. axb3 Rxb3 38. Rc7+ Kf6 39. Rb7 b4 40. c6 Rc3 41. Rxb4 Ke5 1/2-1/2

[Event "FIDE WRBTC Blitz-Pool 2024"]
[Site "Astana"]
[Date "2024.08.05"]
[Round "7.7"]
[White "Kazakov, Konstantin"]
[Black "Primbetov, Nurassyl"]
[Result "0-1"]
[WhiteElo "2333"]
[BlackElo "1784"]
[Annotator "ChessBase"]
[PlyCount "90"]
[EventDate "2024.08.01"]
[EventType "team-tourn"]
[EventCountry "KAZ"]
[SourceTitle "playchess.com"]
[Source "ChessBase"]
[SourceQuality "1"]

1. d4 Nf6 2. Nf3 d5 3. Bf4 c5 4. e3 Nc6 5. Nbd2 Bg4 6. c3 e6 7. Qa4 Bxf3 8. Nxf3 cxd4 9. exd4 Bd6 10. Ba6 Bxf4 11. Bxb7 O-O 12. Qxc6 Rb8 13. O-O Qe7 14. Ba6 Rxb2 15. Rfb1 Rfb8 16. Rxb2 Rxb2 17. g3 Qc7 18. Qxc7 Bxc7 19. a4 g6 20. Bb5 Rc2 21. Rb1 Rxc3 22. Kg2 Bb6 23. h3 Ne4 24. Ba6 Rc2 25. Rf1 Nd2 26. a5 Bxa5 27. Nxd2 Rxd2 28. Rc1 Rxd4 29. Bb5 Rb4 30. Bd7 Rb8 31. h4 Kg7 32. g4 Rd8 33. Bb5 d4 34. Bd3 Bb6 35. f4 Rd5 36. Kf3 Rc5 37. Rd1 e5 38. g5 exf4 39. Kxf4 Rc7 40. Ra1 Re7 41. Be4 h6 42. Ra3 hxg5+ 43. hxg5 f6 44. gxf6+ Kxf6 45. Rg3 Bc7+ 0-1

[Event "FIDE WRBTC Blitz-Pool 2024"]
[Site "Astana"]
[Date "2024.08.05"]
[Round "7.8"]
[White "Shubin, Kirill"]
[Black "Eljanov, Pavel"]
[Result "1-0"]
[WhiteElo "2459"]
[BlackElo "2672"]
[Annotator "ChessBase"]
[PlyCount "115"]
[EventDate "2024.08.01"]
[EventType "team-tourn"]
[EventCountry "KAZ"]
[SourceTitle "playchess.com"]
[Source "ChessBase"]
[SourceQuality "1"]

1. e4 c5 2. Nf3 d6 3. Nc3 Nf6 4. Bb5+ Nbd7 5. d4 cxd4 6. Qxd4 a6 7. Bxd7+ Bxd7 8. Bg5 e6 9. O-O-O Be7 10. e5 dxe5 11. Nxe5 Bc6 12. Nxc6 bxc6 13. Qxd8+ Rxd8 14. Rxd8+ Kxd8 15. Rd1+ Kc8 16. Bxf6 Bxf6 17. Ne4 Be7 18. Nd6+ Kc7 19. Nc4 Bc5 20. Rd2 f6 21. Kd1 e5 22. Ke2 h5 23. h4 g6 24. c3 Re8 25. Rd3 f5 26. Rd2 Re6 27. Rd1 e4 28. g3 Be7 29. Ne3 Bf6 30. Ng2 Be5 31. Ke3 Re8 32. Nf4 Rg8 33. Ne6+ Kc8 34. Nc5 g5 35. hxg5 Rxg5 36. Nxa6 h4 37. gxh4 Rh5 38. Rh1 Bd6 39. Nb4 Kc7 40. Nc2 Bc5+ 41. Ke2 f4 42. Nd4 Bxd4 43. cxd4 Kd6 44. a4 Kd5 45. a5 Kd6 46. b4 Kc7 47. Kd2 Kb7 48. Kc3 Ka6 49. Kc4 Ka7 50. Rh2 Ka6 51. Rh1 Ka7 52. Re1 e3 53. fxe3 fxe3 54. Rxe3 Rxh4 55. Kc5 Rh6 56. Re7+ Ka6 57. Rc7 Rh5+ 58. Kxc6 1-0

[Event "FIDE WRBTC Blitz-Pool 2024"]
[Site "Astana"]
[Date "2024.08.05"]
[Round "7.8"]
[White "Ten, Viktor"]
[Black "Sadhwani, Raunak"]
[Result "0-1"]
[WhiteElo "2236"]
[BlackElo "2653"]
[Annotator "ChessBase"]
[PlyCount "70"]
[EventDate "2024.08.01"]
[EventType "team-tourn"]
[EventCountry "KAZ"]
[SourceTitle "playchess.com"]
[Source "ChessBase"]
[SourceQuality "1"]

1. e4 c5 2. g3 Nc6 3. Bg2 d6 4. Ne2 h5 5. h3 g6 6. c3 c4 7. b3 Ne5 8. bxc4 Nd3+ 9. Kf1 Qb6 10. Nd4 e5 11. Qc2 Nxc1 12. Nb5 Be6 13. N5a3 h4 14. g4 Bh6 15. Qxc1 Ne7 16. Qc2 O-O 17. Qb3 Qc7 18. d3 Kh8 19. Ke2 f5 20. Nd2 fxg4 21. hxg4 Bxd2 22. Rxh4+ Kg7 23. Rah1 Bg5 24. Rh7+ Kf6 25. Nb5 Qc5 26. Nd4 exd4 27. Qxb7 Rae8 28. f4 Bxf4 29. Rf1 Bxg4+ 30. Ke1 Ke6 31. e5 Qxe5+ 32. Be4 Bg3+ 33. Kd2 Rxf1 34. Bd5+ Kf6 35. Rf7+ Kg5 0-1

[Event "FIDE WRBTC Blitz-Pool 2024"]
[Site "Astana"]
[Date "2024.08.05"]
[Round "7.8"]
[White "Tulegenov, Amir"]
[Black "Isaev, Anton"]
[Result "1-0"]
[WhiteElo "1858"]
[BlackElo "2156"]
[Annotator "ChessBase"]
[PlyCount "147"]
[EventDate "2024.08.01"]
[EventType "team-tourn"]
[EventCountry "KAZ"]
[SourceTitle "playchess.com"]
[Source "ChessBase"]
[SourceQuality "1"]

1. e4 c5 2. Nf3 d6 3. Bb5+ Bd7 4. Bxd7+ Nxd7 5. O-O Ngf6 6. d3 e6 7. Ng5 h6 8. Nh3 Be7 9. f4 Qc7 10. Nc3 a6 11. a4 O-O-O 12. Be3 Nb8 13. d4 cxd4 14. Qxd4 Nc6 15. Qb6 Ng4 16. Nf2 Nxe3 17. Qxe3 d5 18. Qg3 d4 19. Ne2 g5 20. Nd3 Rdg8 21. Qf2 gxf4 22. Nexf4 Bd6 23. Kh1 Rg4 24. Nh3 Bxh2 25. Qxf7 Qxf7 26. Rxf7 Bd6 27. Re1 Rhg8 28. Re2 Nd8 29. Rh7 R4g6 30. e5 Bc7 31. Nhf4 R6g7 32. Rxh6 Re8 33. Re4 Bb6 34. b4 Kd7 35. a5 Ba7 36. Nh5 Rf7 37. Nf6+ Ke7 38. Nxe8 Kxe8 39. Kg1 Ke7 40. Nc5 Bxc5 41. bxc5 Nc6 42. Rh8 Nxa5 43. Rxd4 Nc6 44. Re4 a5 45. Ra8 Rg7 46. Kf2 Rf7+ 47. Ke2 Rg7 48. g4 Rh7 49. Kd3 Rh3+ 50. Kc4 Rh2 51. Kb3 Rh3+ 52. c3 Rg3 53. Rg8 Kf7 54. Rc8 Kg6 55. Rc7 Nd8 56. Rd4 Nc6 57. Rdd7 Nxe5 58. Rg7+ Kh6 59. Rxb7 Nxg4 60. c6 a4+ 61. Kxa4 Kh5 62. c7 Rxc3 63. Rg8 Nf6 64. c8=Q Rxc8 65. Rxc8 Kg6 66. Kb4 Kf5 67. Rf8 Ke5 68. Rxf6 Kxf6 69. Kc4 Ke5 70. Kd3 Kd5 71. Ke3 Ke5 72. Rb5+ Kf6 73. Ke4 Ke7 74. Ke5 1-0

[Event "FIDE WRBTC Blitz-Pool 2024"]
[Site "Astana"]
[Date "2024.08.05"]
[Round "7.9"]
[White "Volokitin, Andrei"]
[Black "Faizrakhmanov, Ramil"]
[Result "1/2-1/2"]
[WhiteElo "2667"]
[BlackElo "2424"]
[Annotator "ChessBase"]
[PlyCount "109"]
[EventDate "2024.08.01"]
[EventType "team-tourn"]
[EventCountry "KAZ"]
[SourceTitle "playchess.com"]
[Source "ChessBase"]
[SourceQuality "1"]

1. e4 e5 2. Nf3 Nc6 3. Bc4 Bc5 4. c3 Nf6 5. d3 d6 6. O-O O-O 7. Bg5 h6 8. Bh4 a6 9. a4 Ba7 10. Nbd2 Qe7 11. Re1 Be6 12. Rc1 Bxc4 13. Nxc4 Qe6 14. Ne3 Ne7 15. d4 Ng6 16. d5 Qe7 17. Nf5 Qd8 18. Bg3 Kh7 19. h4 Ne7 20. Nxe7 Qxe7 21. Nh2 g6 22. c4 Nh5 23. Rc3 f5 24. exf5 Nxg3 25. Rxg3 Rxf5 26. Nf3 Raf8 27. b4 Rf4 28. c5 Rxb4 29. Qc2 e4 30. Rg4 Bxc5 31. Rgxe4 Rxe4 32. Rxe4 Qf6 33. Re6 Qf5 34. Re7+ Kg8 35. Qb2 Rf7 36. Re8+ Rf8 37. Re7 Qf6 38. Qe2 Rf7 39. Re8+ Kg7 40. Re6 Qa1+ 41. Kh2 Qxa4 42. h5 Qf4+ 43. Kg1 gxh5 44. Qb2+ Kh7 45. Qb1+ Qf5 46. Qc1 Qf4 47. Qc2+ Qf5 48. Qc1 Rf6 49. Re7+ Kg8 50. Qe1 Rf7 51. Re6 Kh7 52. Qc1 Qf4 53. Qc2+ Qf5 54. Qc1 Qf4 55. Qc2+ 1/2-1/2

[Event "FIDE WRBTC Blitz-Pool 2024"]
[Site "Astana"]
[Date "2024.08.05"]
[Round "7.9"]
[White "Narayanan S L"]
[Black "Akhmedya, Madyar"]
[Result "1-0"]
[WhiteElo "2649"]
[BlackElo "1786"]
[Annotator "ChessBase"]
[PlyCount "68"]
[EventDate "2024.08.01"]
[EventType "team-tourn"]
[EventCountry "KAZ"]
[SourceTitle "playchess.com"]
[Source "ChessBase"]
[SourceQuality "1"]

1. d4 d5 2. c4 c6 3. Nf3 e6 4. Nbd2 f5 5. g3 Nf6 6. Bg2 Bd6 7. O-O O-O 8. Ne5 Nbd7 9. Ndf3 Ne4 10. Qc2 Ndf6 11. Bf4 Bd7 12. Nd3 Be8 13. Bxd6 Qxd6 14. e3 Bh5 15. Nfe5 Nd7 16. c5 Qe7 17. b4 Nxe5 18. Nxe5 g5 19. f3 Nf6 20. a4 a6 21. Qb2 Nd7 22. Nd3 Bg6 23. f4 gxf4 24. exf4 b6 25. cxb6 Nxb6 26. Rfe1 Nc4 27. Qc3 Bf7 28. Nc5 a5 29. b5 cxb5 30. Bxd5 Qd6 31. Bxa8 Rxa8 32. axb5 Qd5 33. Rac1 Nd6 34. Re5 Qa2 1-0

[Event "FIDE WRBTC Blitz-Pool 2024"]
[Site "Astana"]
[Date "2024.08.05"]
[Round "7.9"]
[White "Dosmukhambetov, Arystan"]
[Black "Omarbek, Adlet"]
[Result "1-0"]
[WhiteElo "1976"]
[BlackElo "1713"]
[Annotator "ChessBase"]
[PlyCount "169"]
[EventDate "2024.08.01"]
[EventType "team-tourn"]
[EventCountry "KAZ"]
[SourceTitle "playchess.com"]
[Source "ChessBase"]
[SourceQuality "1"]

1. c4 Nf6 2. Nc3 b6 3. Nf3 Bb7 4. g3 e6 5. Bg2 Be7 6. O-O O-O 7. b3 d5 8. cxd5 Nxd5 9. Bb2 c5 10. a3 Nd7 11. Qc2 N7f6 12. d3 Rc8 13. Rac1 Qd7 14. Ne5 Qc7 15. Nb5 Qb8 16. Nc4 a6 17. Be5 Qa8 18. Nbd6 Bxd6 19. Nxd6 Rcd8 20. Nxb7 Qxb7 21. Qb2 Qe7 22. h3 Nd7 23. Bxg7 Rfe8 24. Bh6 Qf6 25. Qxf6 N7xf6 26. Bg5 Kg7 27. e4 Ne7 28. Rfd1 h6 29. Be3 Rd7 30. b4 cxb4 31. axb4 b5 32. d4 Red8 33. Rc5 Ng6 34. Ra1 Ng8 35. Rxa6 Rb8 36. h4 h5 37. Ra5 Rdb7 38. Bf1 Nf6 39. f3 Nd7 40. Rcxb5 Kf8 41. Rxb7 Rxb7 42. b5 Ke7 43. Bd3 Ngf8 44. Ra6 Nb6 45. d5 Nfd7 46. dxe6 fxe6 47. Kf2 Ne5 48. Be2 Ned7 49. f4 Rb8 50. e5 Rb7 51. Bf3 Rb8 52. Bc6 Kd8 53. Kf3 Kc7 54. Ra7+ Kd8 55. Bxb6+ Nxb6 56. Rh7 Kc8 57. Rxh5 Kc7 58. Rh7+ Kc8 59. Rh8+ Kc7 60. Rxb8 Kxb8 61. h5 Kc7 62. g4 Kd8 63. g5 Ke7 64. g6 Kf8 65. Kg4 Kg7 66. Kg5 Nd5 67. Bxd5 exd5 68. f5 d4 69. Kf4 d3 70. Ke3 d2 71. Kxd2 Kh6 72. b6 Kxh5 73. g7 Kg5 74. g8=Q+ Kxf5 75. Qd5 Kf4 76. e6 Kg4 77. e7 Kf4 78. Qe6 Kf3 79. Qe5 Kg4 80. Qf6 Kg3 81. Qf5 Kg2 82. Qf4 Kg1 83. e8=R Kg2 84. Rg8+ Kh3 85. b7 1-0

[Event "FIDE WRBTC Blitz-Pool 2024"]
[Site "Astana"]
[Date "2024.08.05"]
[Round "7.10"]
[White "Orlov, Oleg"]
[Black "Moiseenko, Alexander"]
[Result "0-1"]
[WhiteElo "2254"]
[BlackElo "2562"]
[Annotator "ChessBase"]
[PlyCount "118"]
[EventDate "2024.08.01"]
[EventType "team-tourn"]
[EventCountry "KAZ"]
[SourceTitle "playchess.com"]
[Source "ChessBase"]
[SourceQuality "1"]

1. e4 c5 2. Nf3 Nc6 3. Bb5 d6 4. Bxc6+ bxc6 5. O-O e5 6. Re1 Nf6 7. c3 Bg4 8. d4 cxd4 9. cxd4 exd4 10. Qa4 Bxf3 11. Qxc6+ Nd7 12. gxf3 Be7 13. Nd2 O-O 14. f4 Nb6 15. Nf3 Rc8 16. Qb7 Rc7 17. Qa6 Bf6 18. Bd2 Qd7 19. Qd3 Na4 20. Rab1 Nc5 21. Qf1 Re8 22. e5 dxe5 23. fxe5 Be7 24. Kh1 Qd5 25. Qg2 Nd3 26. Rg1 Bf8 27. Bh6 g6 28. Bxf8 Rxf8 29. Rbd1 Qe4 30. Rd2 Rfc8 31. Ne1 Qxg2+ 32. Kxg2 Nxe5 33. Rxd4 Rc1 34. Re4 Nd7 35. Nd3 R1c2 36. Re7 Nf6 37. Rxa7 Rd8 38. Rd1 Ng4 39. Ra3 Ne3+ 40. Kf3 Nxd1 41. Rb3 Rd2 42. Nc5 Rxf2+ 43. Kg3 Rxb2 44. Rf3 Rxa2 45. Ne4 Ra6 46. h4 Nb2 47. h5 gxh5 48. Nf2 Nc4 49. Kh4 Rg6 50. Rf4 Ne5 51. Kxh5 Rd2 52. Rf5 Re2 53. Kh4 Rh6+ 54. Kg3 Re6 55. Nh3 Ng6 56. Ng5 R2e5 57. Kg4 Rxf5 58. Kxf5 Re5+ 59. Kf6 Rxg5 0-1

[Event "FIDE WRBTC Blitz-Pool 2024"]
[Site "Astana"]
[Date "2024.08.05"]
[Round "7.10"]
[White "Akhmediyar, Yernur"]
[Black "Pranav, V."]
[Result "0-1"]
[WhiteElo "1853"]
[BlackElo "2598"]
[Annotator "ChessBase"]
[PlyCount "66"]
[EventDate "2024.08.01"]
[EventType "team-tourn"]
[EventCountry "KAZ"]
[SourceTitle "playchess.com"]
[Source "ChessBase"]
[SourceQuality "1"]

1. c4 e5 2. Nc3 Bb4 3. Nf3 Bxc3 4. dxc3 d6 5. c5 Nf6 6. cxd6 cxd6 7. g3 O-O 8. Bg2 Nc6 9. O-O h6 10. h3 Be6 11. Be3 Qd7 12. Kh2 Rad8 13. Qc2 Nd5 14. Bd2 f5 15. e4 fxe4 16. Qxe4 Nf6 17. Qe2 Qf7 18. Rfe1 Bd5 19. Nh4 Bxg2 20. Kxg2 d5 21. Nf5 Ne4 22. g4 Qg6 23. Ng3 Rxf2+ 24. Qxf2 Nxf2 25. Kxf2 Qd3 26. Be3 Rf8+ 27. Kg2 d4 28. cxd4 exd4 29. Bg1 Qb5 30. b3 Qd5+ 31. Kh2 Ne5 32. Rxe5 Qxe5 33. Rd1 Rf3 0-1

[Event "FIDE WRBTC Blitz-Pool 2024"]
[Site "Astana"]
[Date "2024.08.05"]
[Round "7.10"]
[White "Shakhman, Asanali"]
[Black "Kim, Kristina"]
[Result "0-1"]
[WhiteElo "1537"]
[BlackElo "1943"]
[Annotator "ChessBase"]
[PlyCount "72"]
[EventDate "2024.08.01"]
[EventType "team-tourn"]
[EventCountry "KAZ"]
[SourceTitle "playchess.com"]
[Source "ChessBase"]
[SourceQuality "1"]

1. e4 c5 2. c4 Nc6 3. Nc3 g6 4. g3 Bg7 5. Bg2 d6 6. Nge2 Nf6 7. O-O O-O 8. a3 Be6 9. d3 Qc8 10. Rb1 Bg4 11. Be3 a6 12. Qd2 Bh3 13. b4 Bxg2 14. Kxg2 cxb4 15. axb4 Ng4 16. h3 Nxe3+ 17. Qxe3 e6 18. f4 Qd7 19. d4 Rfe8 20. Qd3 Rac8 21. d5 exd5 22. Nxd5 Qd8 23. Rfe1 b5 24. cxb5 axb5 25. Nec3 Nd4 26. Nxb5 Nxb5 27. Qxb5 Rc2+ 28. Re2 Rxe2+ 29. Qxe2 f5 30. Qc4 Kh8 31. exf5 gxf5 32. b5 Re4 33. Qc7 Qa8 34. Nc3 Rc4+ 35. Qc6 Rxc6 36. bxc6 Qxc6+ 0-1